000 00968cab a2200265 4500
001 WB3502-19
008 090401t1999 xxu||||| |||| 00| 0 eng d
035 _a(Sirsi) u90697
041 _aeng
245 _aRating valuations
260 _c1999
350 _a0
490 _aDETR News Release
_v(017) 11 January 1999, (2)
520 _aThe Rating (Valuation) Bill 1999 amends the Local Government Finance Act 1988 to ensure that property in England and Wales subject to domestic rating is valued consistently on the assumption that it is in a reasonable state of repair. Reverses "Benjamin V Anston Properties" LT 1998 (See Abs58803).
650 _aBENJAMIN V ANSTON PROPERTIES LTD
650 _aBUSINESS PROPERTY
650 _aCONDITION
650 _aDISREPAIR
650 _aLOCAL GOVERNMENT FINANCE ACT 1988
650 _aNON-DOMESTIC RATING
650 _aSTATE OF REPAIR
690 _aRATING AND VALUATION
942 _n0
948 _c14/01/1999
999 _c57514
_d57514